| 000 | 00344 a2200145 4500 | ||
|---|---|---|---|
| 005 | 20250626061024.0 | ||
| 020 | _a0-07-253979-8 | ||
| 082 | _a300 MCN | ||
| 100 | _aMcNemara, T | ||
| 245 | _aContemporary English | ||
| 250 | _a2nd Ed. | ||
| 260 |
_aChicago _bMcGraw-Hill _c2003 |
||
| 300 |
_avii, 122p. : ill. ; drawings _c27cm |
||
| 942 |
_2ddc _cBKS |
||
| 999 |
_c5184 _d5184 |
||